Pavimentos
Guardado en:
| Autor principal: | |
|---|---|
| Formato: | Libro |
| Lenguaje: | español |
| Publicado: |
Barcelona
Blume
1976
|
| Colección: | Biblioteca Básica de la Construcción
|
| Materias: | |
| Etiquetas: |
Agregar Etiqueta
Sin Etiquetas, Sea el primero en etiquetar este registro!
|
MARC
| LEADER | 00000nam a2200000 a 4500 | ||
|---|---|---|---|
| 001 | UCU5894 | ||
| 003 | CL-VaPUC | ||
| 008 | 960614e19760000SP |||||||||||||||||spa|d | ||
| 082 | 0 | 4 | |a 625.8 |b HAL |2 21 |
| 100 | 0 | |a Hale, Gordon |e author |9 363961 | |
| 245 | 1 | 0 | |a Pavimentos |
| 300 | |a 132 p | ||
| 942 | |c BK | ||
| 945 | |d 19960614 00:00:00 |a cmena | ||
| 260 | |a Barcelona |b Blume |c 1976 | ||
| 650 | 0 | |a Pavimentos |9 258061 | |
| 650 | 7 | |a TECNOLOGIA DE LA CONSTRUCCION |2 CL-VaPUC |9 260196 | |
| 650 | 0 | |a Estructuras-construcción |9 262358 | |
| 650 | 7 | |a CIMIENTOS |2 CL-VaPUC |9 260635 | |
| 650 | 0 | |a Edificios |9 260501 | |
| 650 | 0 | |a Hormigones |9 262546 | |
| 650 | 7 | |a PISOS |2 CL-VaPUC |9 363962 | |
| 583 | |a last modification |c 19960614 00:00:00 |k Rodrigo Vera | ||
| 490 | 0 | |a Biblioteca Básica de la Construcción | |
| 999 | |c 249045 |d 249043 | ||